Statistics for All 1M+ Cities by Letter - O

Click here to take the quiz!

General Stats

  • This quiz has been taken 209 times
  • The average score is 9 of 11

Answer Stats

Country (State)Populations (Millions)City Name% Correct
Japan17.7Osaka
100%
Norway1.18Oslo
100%
USA (Oklahoma)1.14Oklahoma City
98%
USA (Florida)3.4Orlando
98%
Canada1.23Ottawa
98%
Ukraine1.1Odessa
92%
Burkina Faso2.525Ouagadougou
88%
Algeria1.45Oran
77%
Russia1.17Omsk
73%
Japan2.2Okayama
40%
Nigeria1.17Onitsha
28%

Score Distribution

Percentile by Number Answered

Percent of People with Each Score

Your Score History

You have not taken this quiz